Giáo trình rèn luyện nghiệp vụ sư phạm tiểu học Dành cho hệ đào tạo cử nhân tiểu học

שמור ב:
מידע ביבליוגרפי
מחברים אחרים: Dương Giáng Thiên Hương (Ch.b), Vũ Thị Lan Anh, Ngô Vũ Thu Hằng, Quản Hà Hưng, Nguyễn Thị Phương
פורמט: ספר
שפה:Vietnamese
יצא לאור: H. Đại học Sư phạm 2013
מהדורה:In lần thứ 2
נושאים:
תגים: הוספת תג
אין תגיות, היה/י הראשונ/ה לתייג את הרשומה!
Thư viện lưu trữ: Mạng thư viện Đại học Đà Nẵng
LEADER 01534aam a22004098a 4500
001 000023176
003 19625
005 20150602140653.0
008 150602s2013 viesd
020 |c 50000  |d 1000b 
041 0 |a vie 
082 1 4 |2 14  |a 372.24  |b Gia 
245 0 0 |a Giáo trình rèn luyện nghiệp vụ sư phạm tiểu học  |b Dành cho hệ đào tạo cử nhân tiểu học  |c Dương Giáng Thiên Hương (Ch.b), Vũ Thị Lan Anh, Ngô Vũ Thu Hằng, Quản Hà Hưng, Nguyễn Thị Phương 
250 |a In lần thứ 2 
260 |a H.  |b Đại học Sư phạm  |c 2013 
300 |a 254 tr.  |c 24 cm. 
650 0 4 |2 Bộ TK TVQG  |a Giáo dục tiểu học  |v Giáo trình  |x Nghiệp vụ sư phạm 
650 7 |2 Bộ TK TVQG 
650 7 |2 Bộ TK TVQG 
650 7 |2 Bộ TK TVQG 
653 |a Giáo dục tiểu học 
653 |a Nghiệp vụ sư phạm 
700 1 |a Dương Giáng Thiên Hương  |e Ch.b 
700 1 |a Vũ Thị Lan Anh 
700 1 |a Ngô Vũ Thu Hằng 
700 1 |a Quản Hà Hưng 
700 1 |a Nguyễn Thị Phương 
OWN |a LSP 
AVA |a UDN50  |b LSP  |d 372.24 Gia  |e available  |t Error 5001 Not defined in file expand_doc_bib_avail.  |f 5  |g 0  |h N  |i 0  |k 1 
999 |a From the UDN01 
AVA |a UDN50  |b LSP  |d 372.24 Gia  |e available  |t Error 5001 Not defined in file expand_doc_bib_avail.  |f 5  |g 0  |h N  |i 0  |k 1 
TYP |a Monograph 
TYP |a Printed language 
980 |a Mạng thư viện Đại học Đà Nẵng